00346nam a2200133Ia 4500003000400000005001700004008004100021020001900062040002000081100002200101245006000123260002000183260000900203OSt20240127121927.0170524s9999 xx 000 0 und d a978-8190749640 cIIMT UNIVERSITY aBhatnagar- Bhawna 0aEnterprenership Development & Small Business Management bN. Delhi : Vayu c2009